| LEADER 00000nam 2200000uu 4500 |
| 001 13399128981 |
| 003 ULIBM |
| 008 140317s2553||||th 000 0 tha d |
| 099 ^aว ผม.มธ. 64 2553 |
| 100 0 ^aอรรคพล ไตรจิตต์. |
| 245 10 ^aการเสริมสร้างความตระหนักด้านความเสี่ยงที่มีผลต่อการอยู่อาศัยโดยใช้เกมจำลองเพื่อการวางแผน กรณีศึกษา ชุมชนในโครงการบ้านมั่นคง เทศบาลตำบลหน้าพระลาน อำเภอเฉลิมพระเกียรติ จังหวัดสระบุรี /^cอรรคพล ไตรจิตต์. |
| 246 15 ^aReinforcing awareness in vulnerability areas by community based mitigation through disaster imagination game (DIG). |
| 260 ^aปทุมธานี :^bคณะสถาปัตยกรรมศาสตร์และการผังเมือง มหาวิทยาลัยธรรมศาสตร์ ,^c2553. |
| 300 ^a197 แผ่น :^bตาราง ;^c29 ซม. |
| 502 ^aวิทยานิพนธ์การผังเมืองบัณฑิต. |
| 650 7 ^aการพัฒนาชุมชนเมือง^xเกมจำลอง. |
| 650 7 ^aเกมจำลองระบบ. |
| 650 7 ^aบ้านมั่นคงเทศบาลตำบลหน้าพระลาน. |
| 710 2 ^aมหาวิทยาลัยธรรมศาสตร์.^bคณะสถาปัตยกรรมศาสตร์และการผังเมือง. |
| 999 ^aประวีณา ปานทอง |